00579nam a22001817a 4500008004100000010001400041020001100055035001300066037001500079040001800094082001100112100002100123245011400144260005200258270004600310300002300356700001800379081222t xxu||||| |||| 00| 0 eng d aENG-92251 c100.00 aEN-75784 bDBAD / PUB adplbEnglish  a260.44 a Bhai Vir Singh  aGur Balam Sakhian:cby Bhai Sahib Bhai Vir Singh; translated by M.L. Mongia bstories of beloved Guru Nanak / bBhai Vir Singh Sahitya Sadan aNew Delhi c2007 aBhai Vir Singh Marg, bNew Delhi e110001 a207p.c21cm (pbk)  aMongia, M.L.